I Magazzini 7 : quaderni dei Magazzini-Teatro di Scandicci /

Guardat en:
Dades bibliogràfiques
Altres autors: Manzella, Gianni, Ponte Di Pino, Oliviero
Format: Llibre
Idioma:italià
Publicat: Milano : Ubulibri, stampa 1984
Etiquetes: Afegir etiqueta
Sense etiquetes, Sigues el primer a etiquetar aquest registre!

MARC

LEADER 00000nam a22000007i 4500
001 IT\ICCU\TO0\0136912
003 ItRI
005 20260115232337.0
008 930622s1984 it |||||| ||||| |||||c
040 |b ita  |c importazione bologna sebina 
041 7 |a ita  |2 ISO-639-2 
245 0 2 |a I Magazzini 7 :  |b quaderni dei Magazzini-Teatro di Scandicci /  |c a cura di Gianni Manzella ; con la collaborazione di Olivero Ponte di Pino. 
246 1 3 |a Progetto Agamennone  |9 IT\ICCU\RMR\0305004 
260 |a Milano :  |b Ubulibri,  |c stampa 1984 
300 |a 143 p. ;  |c 22 cm 
500 |a Continuazione di Magazzini criminali ((Progetto Agamennone 
700 1 |a Manzella, Gianni  |0 IT\ICCU\RAVV\020851 
700 1 |a Ponte Di Pino, Oliviero  |0 IT\ICCU\RAVV\033632 
790 1 |a Di Pino, Oliviero Ponte  |3 IT\ICCU\CFIV\380463  |z Ponte Di Pino, Oliviero 
942 |2 ddc  |c BK  |n 0 
952 |0 0  |1 0  |4 0  |6 DOC_792_090000000000000_MAG  |7 0  |9 24516  |a BO  |b BO  |d 2026-01-15  |i 5263  |l 0  |o DOC 792.090 MAG  |p BO5263  |r 2026-01-15 23:23:37  |w 2026-01-15  |x [Sebina 7] [1 v.]  |y BK  |z 1 v. 
999 |c 20866  |d 20866